Women's Gymnastics - Skills Named for U.S. Gymnasts - Statistics

General Stats
  • This quiz has been taken 42 times
    34 since last reset
  • The average score is 12 of 28
Answer Stats
Apparatus Skill Description Skill Name % Correct
Vault Yurchenko half on with two twists (Cheng plus a half twist) Biles
97%
Beam Backward double-twisting (2/1) double tucked salto dismount Biles
97%
Floor Double Salto bwd stretched with ½ turn (180⁰) Biles
97%
Floor Triple-twisting (3/1) double tucked salto backwards Biles II
97%
Beam Arabian double salto forward tucked dismount Patterson
67%
Vaut Yurchenko Double Pike Biles II
63%
Beam Leap fwd with leg change and 1/4 turn (90°) to side split leap (180°) or straddle pike position Johnson
63%
Beam Front salto piked with take off from one foot to scale (2 sec.) Liukin
60%
Bars On low bar, facing high bar, stalder backward (straddle position underneath bar) to release and hang on high bar Ray
50%
Bars Piked sole circle (toe-on) into a Tkachev Ray
50%
Bars Double twisting double layout dismount Ray
50%
Floor 720 degree turn with free leg held upward in 180 degree split position Memmel
47%
Bars From the high bar, facing the low bar, swing down and flip backwards with a 360 degree twist to catch the low bar Bhardwaj
43%
Bars Swing backwards, bringing feet to the bar and into a handstand position while executing a 360 degree turn to mixed-L or L grip Maloney
43%
Floor Forward double pike somersault Dowell
40%
Bars On high bar, facing away from the low bar, clear underswing with 180 degree twist to back flip in stretched position Okino
40%
Beam Triple turn on one leg - free leg optional below horizonta Okino
40%
Beam Jump bwd with ½ turn (180°) handspring to land on two feet Worley
30%
Beam Round off onto spring board, back tucked salto with 360 degree twist to land on beam Garrison
20%
Beam Free shoulder roll forward with straightening to tuck stand or stand without hand support Garrison
20%
Beam From extended tuck sit - Valdez swing over backward through horizontal plane with support on one arm Garrison
20%
Bars Jump to clear support on high bar, immediate clear hip circle to handstand with 180 degree turn in handstand phase on high bar McNamara
20%
Bars Hstd on HB – Pike sole circle bwd counter pike reverse hecht over HB to hang Church
17%
Beam 2.5 turn in tuck stand on one leg, free leg at horizontal throughout turn Humphrey
17%
Beam Press to side hstd - walkover fwd to side stand on both legs Phillips
17%
Bars Stalder backward with 1/1 turn in handstand phase Frederick
13%
Bars Swing down between bars - swing forward to salto backward tucked with 180 degree twist into salto forward tucked Fontaine
7%
Bars Stalder forward in L-grip to handstand with 180 degree turn in handstand White
7%
No matching quizzes found
Score Distribution
Percent of People with Each Score
Percentile by Number Answered
Your Score History
You have not taken this quiz since the last reset